Masterworks of Russian Painting (Record no. 6326)

MARC details
000 -CABECERA
campo de control de longitud fija 00996nam a2200289 a 4500
001 - NÚMERO DE CONTROL
campo de control BRCA_6642
005 - FECHA Y HORA DE LA ÚLTIMA TRANSACCIÓN
campo de control 20190320205535.0
008 - DATOS DE LONGITUD FIJA--INFORMACIÓN GENERAL
campo de control de longitud fija 111011s1989----ru-a######---#000-0#eng-#
020 ## - NÚMERO INTERNACIONAL ESTÁNDAR DEL LIBRO
Número Internacional Estándar del Libro 5730001495
041 ## - CÓDIGO DE LENGUA
Código de lengua del texto/banda sonora o título independiente eng
044 ## - CÓDIGO DEL PAÍS DE LA ENTIDAD EDITORA/PRODUCTORA
Código MARC del país ru
050 #4 - SIGNATURA TOPOGRÁFICA DE LA BIBLIOTECA DEL CONGRESO
Número de clasificación ND1452
Número de documento/Ítem .M37 1989
245 10 - MENCIÓN DE TÍTULO
Título Masterworks of Russian Painting
Resto del título from Soviet Museums
Mención de responsabilidad, etc. selection and introduction by Tatyana Ilyina ; translated from the Russian by Alexander Repyev ; design and layout by Mikhail Zanko
260 ## - PUBLICACIÓN, DISTRIBUCIÓN, ETC.
Lugar de publicación, distribución, etc. Leningrado
Nombre del editor, distribuidor, etc. Aurora Art Publishers
Fecha de publicación, distribución, etc. c1989
300 ## - DESCRIPCIÓN FÍSICA
Extensión 295 p.
Otras características físicas il. (algunas a color)
Dimensiones 34 cm.
500 ## - NOTA GENERAL
Nota general Incluye índice de pintores
500 ## - NOTA GENERAL
Nota general Donación Dra. Elsa Barberena
504 ## - NOTA DE BIBLIOGRAFÍA, ETC.
Nota de bibliografía, etc. Bibliografía: p. 292-293
650 14 - PUNTO DE ACCESO ADICIONAL DE MATERIA--TÉRMINO DE MATERIA
Término de materia o nombre geográfico como elemento de entrada Pintura Rusa
Subdivisión general Historia
9 (RLIN) 16630
650 14 - PUNTO DE ACCESO ADICIONAL DE MATERIA--TÉRMINO DE MATERIA
Término de materia o nombre geográfico como elemento de entrada Pintura Rusa
Subdivisión general Museos
9 (RLIN) 16631
650 14 - PUNTO DE ACCESO ADICIONAL DE MATERIA--TÉRMINO DE MATERIA
Término de materia o nombre geográfico como elemento de entrada Pintures rusos
9 (RLIN) 16632
700 1# - PUNTO DE ACCESO ADICIONAL--NOMBRE DE PERSONA
Nombre de persona Ilyina, Tatyana
9 (RLIN) 16633
700 1# - PUNTO DE ACCESO ADICIONAL--NOMBRE DE PERSONA
Nombre de persona Zanko, Mikhail
9 (RLIN) 16634
700 1# - PUNTO DE ACCESO ADICIONAL--NOMBRE DE PERSONA
Nombre de persona Repyev, Alexander
Término indicativo de función/relación tr.
9 (RLIN) 16635
902 ## - CATALOGADOR
Iniciales DEB
942 ## - ELEMENTOS DE PUNTO DE ACCESO ADICIONAL (KOHA)
Fuente del sistema de clasificación o colocación Library of Congress Classification
Tipo de ítem Koha Libros
Holdings
Estado de retiro Estado de pérdida Estado dañado No para préstamo Localización permanente Ubicación/localización actual Fecha de adquisición Total de préstamos Signatura topográfica completa Código de barras Fecha visto por última vez Precio válido a partir de Tipo de ítem Koha
El ejemplar forma parte de la colección y puede ser consultado según las políticas vigentes.       Biblioteca del Museo Franz Mayer (Rogerio Casas-Alatriste) Biblioteca del Museo Franz Mayer (Rogerio Casas-Alatriste) 11/10/2011   ND1452 .M37 1989 DEB00079 22/03/2019 22/03/2019 Libros